[Event "Gatineau op U1500"]
[Site "Gatineau"]
[Date "2014.02.28"]
[Round "1"]
[White "Ethier, Valori"]
[Black "Ketata, Nabil"]
[Result "1-0"]
[WhiteElo "1376"]
[BlackElo "1115"]
[PlyCount "59"]
[EventDate "2014.02.28"]
[EventType "swiss"]
[EventRounds "5"]
[EventCountry "CAN"]
[SourceTitle "EXT 2022"]
[Source "ChessBase"]
[SourceDate "2021.10.06"]
[SourceVersion "1"]
[SourceVersionDate "2021.10.06"]
[SourceQuality "1"]

1. e4 c5 2. Nf3 e6 3. d4 a6 4. c3 b5 5. Be3 d6 6. Nbd2 Nf6 7. h3 Be7 8. Bd3 0-0 9. Qe2 c4 10. Bc2 Bb7 11. 0-0 Nbd7 12. Rad1 Qa5 13. Bb1 h6 14. Bf4 Nh5 15. Bh2 Rac8 16. Rfe1 Nb6 17. e5 Nd5 18. Ne4 Nhf4 19. Bxf4 Nxf4 20. Qc2 Ng6 21. exd6 Bd8 22. Nc5 Bxf3 23. gxf3 b4 24. cxb4 Qb5 25. Re5 Qc6 26. Nxe6 Re8 27. Nxd8 Rcxd8 28. Qf5 Nxe5 29. Qh7+ Kf8 30. Qh8# 1-0

[Event "Gatineau op U1600"]
[Site "Gatineau"]
[Date "2013.03.03"]
[Round "5"]
[White "Ketata, Nabil"]
[Black "Traversy, Pierre"]
[Result "1-0"]
[WhiteElo "926"]
[BlackElo "859"]
[PlyCount "51"]
[EventDate "2013.03.01"]
[EventType "swiss"]
[EventRounds "5"]
[EventCountry "CAN"]
[SourceTitle "EXT 2022"]
[Source "ChessBase"]
[SourceDate "2021.10.06"]
[SourceVersion "1"]
[SourceVersionDate "2021.10.06"]
[SourceQuality "1"]

1. d4 Nf6 2. Nc3 e6 3. Bg5 Bb4 4. Nf3 d6 5. e4 h6 6. Bh4 g5 7. Bg3 Nh5 8. Bb5+ Nd7 9. Qd3 Nxg3 10. hxg3 c6 11. d5 cxb5 12. 0-0-0 e5 13. Nxb5 Nc5 14. Qc4 Na6 15. a3 Bc5 16. Qa4 0-0 17. Rxh6 Kg7 18. Rdh1 Rg8 19. R1h5 f6 20. Rh7+ Kf8 21. Rh8 Bd7 22. b4 Bxf2 23. Qb3 Bxb5 24. Nxg5 fxg5 25. Qf3+ Ke8 26. Rxg8+ 1-0